NBA Champions: Sudden Death (Team Edition) - Statistics

General Stats
  • This quiz has been taken 243 times
    201 since last reset
  • The average score is 4 of 13
Answers on the Grid
Answers color-coded by a green-red scale on the quiz's grid according to % correct below.
'85 Lakers
'94 SuperSonics
'03 Spurs
'55 Nationals
'15 Cavaliers
'77 Blazers
'88 Pistons
'82 Lakers
'16 Warriors
'79 SuperSonics
'94 Knicks
'73 Celtics
'96 Bulls
'05 Heat
'65 Celtics
'99 Lakers
'22 Heat
'75 Warriors
'90 Hawks
'05 Pacers
'04 Timberwolves
'98 Jazz
'07 Cavaliers
'86 Celtics
'08 Rockets
'58 Hawks
'90 Blazers
'81 Rockets
'21 Bucks
 
Answer Stats
Answer % Correct
'21 Bucks
60%
'96 Bulls
48%
'03 Spurs
41%
'85 Lakers
40%
'65 Celtics
22%
'79 SuperSonics
22%
'82 Lakers
22%
'86 Celtics
21%
'77 Blazers
20%
'55 Nationals
19%
'75 Warriors
19%
'58 Hawks
18%
'88 Pistons
12%
No matching quizzes found
Score Distribution
Percent of People with Each Score
Percentile by Number Answered
Your Score History
You have not taken this quiz since the last reset